Quizzes
Events
Quiz Creation
Community
Videos
Private Events
Remove Ads
Sign In
Join for FREE
Feedback
Dark Mode
Quiz Categories
Sports
Geography
Music
Movies
Television
Just For Fun
Miscellaneous
History
Literature
Language
Science
Gaming
Entertainment
Religion
Holiday
For Kids
Quiz Lab
Recent
Popular Today
Quiz Kudos Today
Editor Picks
Curator Picks
Quizzes by...
Day
Popularity
Type
Ratings
Length
Year
Community
Subscriptions
Recent Discussions
Orange Saloon
Badges
Playlists
Quests
Create
Leaderboards
Showdown
Live 5
Trivia Bingo
Activity
Puzzle Library
Sporcle Events
Private Events
Virtual Trivia
Globe League
Become a Host
Pub Owners
SporcleCon
Opinionation
Our Games
Videos
Blog
Mobile Apps
Partnerships
Remove Ads and Go Orange
Feedback
Television
TV Characters
TV Show
Sitcom
Network
Friends
Reality Shows
Cast
South Park
Star Trek
The Simpsons
Doctor Who
Television
TV Characters
TV Show
Sitcom
Network
Friends
Reality Shows
Cast
South Park
Star Trek
The Simpsons
Doctor Who
Random Quiz
Search Sporcle
×
Quiz Lab
Quiz Lab
Television
finish
Type in answers that appear in a list
Type in answers that appear in a list
Classic
Best Score? Go Orange.
Survivor Contestants 1 Stats
Can you name the Survivor Contestants?
By
Seattle_Will
11m
112 Questions
154 Plays
154 Plays
154 Plays
Comments
Comments
Give Quiz Kudos
Give Quiz Kudos
-
- Ratings
hide this ad
Replay
Link that replays current quiz
Next Quiz
Link to next quiz in quiz playlist
You Got
0%
They Got
Avg Score
34%
Avg Friend Score
Upgrade to see
Score Distribution
Jump to the score distribution portion of the page
Score
0/112
Timer
11:00
0
Plays Today
Season
% Correct
Borneo
Richard Hatch
94.8%
Borneo
Sue Hawk
69.9%
Africa
Ethan Zohn
66%
Outback
Colby Donaldson
65.4%
Outback
Tina Wesson
65.4%
Borneo
Kelly Wigglesworth
64.7%
Outback
Amber Brkich
62.1%
Marquesas
Rob Mariano
61.4%
Borneo
Jenna Lewis
60.8%
Amazon
Jenna Morasca
60.8%
Outback
Jerri Manthey
57.5%
Outback
Elisabeth Filarski
55.6%
Borneo
Gervase Peterson
54.9%
Borneo
Rudy Boesch
54.9%
Africa
Kim Johnson
54.9%
Borneo
Colleen Haskell
54.2%
Pearl Islands
Sandra Diaz-Twine
54.2%
Borneo
B.B. Anderson
52.9%
Borneo
Sean Kenniff
52.3%
Pearl Islands
Rupert Boneham
51.6%
Pearl Islands
Jon Dalton
51%
Pearl Islands
Darrah Johnson
50.3%
Marquesas
Vecepia Towery
49%
Africa
Tom Buchanan
47.7%
Thailand
Brian Heidik
47.7%
Outback
Michael Skupin
47.1%
Outback
Keith Famie
47.1%
Africa
Kim Powers
47.1%
Amazon
Rob Cesternino
47.1%
Borneo
Greg Buis
46.4%
Amazon
Dave Johnson
45.1%
Outback
Alicia Calaway
43.8%
Outback
Nick Brown
43.8%
Marquesas
Kathy Vavrick-O'Brien
43.8%
Thailand
Ghandia Johnson
43.1%
Amazon
Heidi Strobel
41.2%
Marquesas
Neleh Dennis
40.5%
Borneo
Dirk Been
39.2%
Season
% Correct
Outback
Jeff Varner
39.2%
Africa
Clarence Black
39.2%
Borneo
Stacey Stillman
37.9%
Pearl Islands
Lil Morris
37.9%
Borneo
Sonya Christopher
37.3%
Outback
Kimmi Kappenberg
37.3%
Marquesas
Paschal English
37.3%
Thailand
Shii Ann Huang
36.6%
Amazon
Christy Smith
36.6%
Borneo
Ramona Gray
35.9%
Borneo
Joel Klug
35.9%
Pearl Islands
Andrew Savage
35.3%
Pearl Islands
Burton Roberts
35.3%
Outback
Rodger Bingham
34%
Outback
Debb Eaton
33.3%
Outback
Kel Gleason
32.7%
Africa
Kelly Goldsmith
32.7%
Marquesas
Sarah Jones
32.7%
Outback
Maralyn Hershey
32%
Pearl Islands
Ryan Opray
32%
Borneo
Gretchen Cordy
31.4%
Thailand
Helen Glover
30.1%
Amazon
Shawna Mitchell
30.1%
Marquesas
Sean Rector
29.4%
Amazon
Alex Bell
28.8%
Pearl Islands
Ryan Shoulders
28.8%
Marquesas
Hunter Ellis
27.5%
Outback
Mitchell Olson
26.8%
Thailand
Jan Gentry
26.8%
Africa
Lex van den Berghe
26.1%
Marquesas
John Carroll
26.1%
Africa
Silas Gaither
25.5%
Africa
Teresa Cooper
25.5%
Thailand
Ted Rogers
25.5%
Africa
Diane Ogden
24.8%
Africa
Frank Garrison
23.5%
Africa
Brandon Quinton
22.9%
Amazon
Butch Lockley
22.9%
Season
% Correct
Pearl Islands
Tijuana Bradley
22.9%
Africa
Lindsay Richter
22.2%
Amazon
Matthew Von Ertfelda
21.6%
Thailand
Robb Zbacnik
20.9%
Amazon
Daniel Lue
20.9%
Pearl Islands
Nicole Delma
20.9%
Marquesas
Patricia Jackson
20.3%
Marquesas
Gina Crews
20.3%
Marquesas
Peter Harkey
19.6%
Marquesas
Tammy Leitner
19.6%
Amazon
Ryan Aiken
19.6%
Marquesas
Robert DeCanio
19%
Pearl Islands
Christa Hastie
19%
Africa
Carl Bilancione
18.3%
Amazon
Roger Sexton
18.3%
Pearl Islands
Osten Taylor
18.3%
Pearl Islands
Trish Dunn
17.6%
Marquesas
Gabriel Cade
17%
Thailand
Tanya Vance
17%
Thailand
Stephanie Dill
17%
Africa
Linda Spencer
16.3%
Thailand
John Raymond
16.3%
Thailand
Erin Collins
16.3%
Amazon
Joanna Ward
16.3%
Amazon
Deena Bennett
16.3%
Thailand
Jake Billingsley
15.7%
Marquesas
Zoe Zanidakis
15%
Thailand
Jed Hildebrand
15%
Thailand
Ken Stafford
15%
Thailand
Penny Ramsey
15%
Amazon
Janet Koth
14.4%
Thailand
Clay Jordon
13.7%
Pearl Islands
Michelle Tesauro
13.1%
Pearl Islands
Shawn Cohen
12.4%
Amazon
Jeanne Hebert
10.5%
Africa
Jessie Comacho
9.2%
Quiz Playlist
Details
Report
Send in Message
Add To Playlist
Classic:
Type in answers that appear in a list
Quiz Source
Last Updated: Feb 16, 2017
Quiz Scoreboard
CHALLENGE
Sign Up to Join the Scoreboard
Show All
Scores
Hide
Comments
May contain spoilers
Recently Published
Presidents Visiting Landmarks
by Hejman
History
7m
An Introduction to Baseball
by treessimontrees
Sports
5m
Movies - When Are They Set?
by FPL_Elf
Movies
5m
More to Explore
Quiz From the Vault
Featured Blog Post
Where Did the Easter Bunny Come From?
hide this ad
You Might Also Like...
Tags
Contestants
finish
season
Survivor
Today's Top Quizzes in Television
Browse Television
hide this ad
Today's Top Quizzes in finish
Browse finish
Top Contributed Quizzes in Television
1
5-to-1: The Simpsons Families
2
One Piece Logic Puzzle
3
5-to-1: Television Doctors
4
7-to-1: TV Show Settings
5
5-to-1: Streaming Originals
6
Survivor Logic Puzzle: Heroes vs. Villains
7
Survivor Seasons
8
Survivor Season by Logo
9
One Thing in Common: Television
10
Survivor Trivia
Explore More
Trending Topics
Marvel
Anime
Kpop
Crossword
Disney
Harry Potter
NBA
Puzzle
WWE
Soccer
Country
Song
The Office
Pokémon
NFL
hide this ad
More By:
Seattle_Will
Quiz
Plays
Rating
Category
Featured
Created
Winningest MLB Managers by Team
226
4.60
Sports
Oct 17, 2009
Survivor Contestants 1
154
2.67
Television
Nov 6, 2009
Video Games by Numbers
102
3.00
Gaming
Oct 31, 2011
200 Home Run Club (Drafted After Round 15)
83
3.67
Sports
Jul 22, 2010
Australian Baseball Teams
45
5.00
Sports
Feb 12, 2011
Go to Creator's Profile
Score Distribution
Quiz Creator Spotlight
Seattle_Will
Follow
Send a Message
Quizzes Created
-
Created Quiz Play Count
-
More By This Creator
Popular Quizzes Today
1
Find the US States - No Outlines Minefield
2
Find the Countries of Europe - No Outlines Minefield
3
The Countries of the World
4
Find the US States
5
Popular People in 1961
6
US States
7
Risky Map Clicking: Biggest States A-Z
8
1-10 Letter E Words III
More Television Quizzes
The Colors of TV
Curator's Pick
Trending Quizzes
Risky Map Clicking: Least Populous States A-Z
1-10 Letter G Words
1-10 Letter F Words
Risky Map Clicking: Next State Alphabetically
Risky Map Clicking: Biggest States A-Z
Recently Updated
Leaping Animals
pecheneg
Reality TV Shows (A-Z)
bhenderson79
Rickey Henderson's Hall of Fame Teammates
pecheneg
Champions League XIs: Arsenal
pecheneg
Quick Pick: Celebrities in WWE's Hall of Fame
aduchscher
A-Z Keypad Blitz II
pecheneg
Multiple Oscar Actors
pecheneg
Mystery Phrase Blitz: Oscar 'Best Actors'
pecheneg
F. Scott Fitzgerald Novels
LTH
Pick 3 Villains
ddd62291
Trending Topics
Harry Potter
Marvel
NBA
Kpop
Anime
Crossword
Disney
Country
Song
Soccer
Puzzle
The Office
NFL
Pokémon
WWE
Your Account Isn't Verified!
In order to create a playlist on Sporcle, you need to verify the email address you used during registration. Go to your
Sporcle Settings
to finish the process.
Report this User
Report this user for behavior that violates our
Community Guidelines
.
Details:
Send Report
Go to the Sporcle.com Mobile Site →
Comments